000 00576cam a2200145 4500500
005 20260208010538.0
041 _afre
042 _adc
100 1 0 _aAdam, Michel
_eauthor
245 0 0 _aMichel Larroque, Approches occidentales du bouddhisme zen. La spontanéité active, Paris, L’Harmattan, 2004, 150 p., 14 E.
260 _c2005.
500 _a3
786 0 _nRevue philosophique de la France et de l'étranger | 130 | 1 | 2005-03-01 | p. 77i-130i | 0035-3833
856 4 1 _uhttps://shs.cairn.info/revue-philosophique-2005-1-page-77i?lang=fr&redirect-ssocas=7080
999 _c1657048
_d1657048